Turisme industrial, a quatre passes de Barcelona = Industrial tourism, just a stone's throw from Barcelona
Descripción Física:
[12] p. : il. col. ; 21 cm
MARC
| LEADER | 00000nam a2200000Ia 4500 | ||
|---|---|---|---|
| 001 | 15106 | ||
| 008 | 160829s2000 xx 000 0 cat d | ||
| 080 | |a FU-34-1 | ||
| 245 | |a Turisme industrial, a quatre passes de Barcelona = Industrial tourism, just a stone's throw from Barcelona | ||
| 260 | |a Barcelona : |b Diputació de Barcelona, Agència de Promoció Turística, |c 2000 | ||
| 300 | |a [12] p. : |b il. col. ; |c 21 cm | ||
| 590 | |a Precedeix el títol: Per saber com es fan les coses = Finding out about how things work. | ||
| 590 | |a A la portada: Barcelona. Turisme Industrial. | ||
| 590 | |a Text en català i anglès | ||
| 650 | |a Indústries |x Barcelona (Província) |x Circuits turístics |x Guies |9 21988 | ||
| 650 | |a Arqueologia industrial |x Barcelona (Província) |x Guies |9 21989 | ||
| 710 | 1 | |a Barcelona (Catalunya : Província). |b Agència de Promoció Turística |9 51387 | |
| 901 | |a Arxiu | ||
| 942 | |n 1 | ||
| 952 | |0 0 |1 0 |4 0 |6 FU341 |7 1 |9 41983 |a Arxiu |b Arxiu |d 2016-12-01 |l 0 |o FU-34-1 |p 15106 |r 2016-12-01 00:00:00 |w 2016-12-01 |y ARXIU | ||
| 999 | |c 44430 |d 44430 | ||